000 00448nam a2200181Ia 4500
001 17152
005 20260306170404.0
008 260306t2002||||xx |||||||||||||| ||und||
041 _aESP
082 _a657.48
_bC28
100 _aCárdenas y Nápoles, Raúl Andrés
_eAUT
245 0 _aPresupuestos:
_bTeoría y práctica
260 _c2002
300 _a158 páginas :
_c23 cm.
650 _aGEN
654 _aCCO
942 _cLIB
_dJUS
_fJUS
_2ddc
_n
999 _c17152
_d17152